বিশ্বাস ও কর্মে প্রচলিত ভুল-ভ্রান্তি / (Record no. 12929)
[ view plain ]
| 000 -LEADER | |
|---|---|
| fixed length control field | 00943nam a2200229 a 4500 |
| 001 - CONTROL NUMBER | |
| JCCL Control Number | 12929 |
| 003 - CONTROL NUMBER IDENTIFIER | |
| JCCL marc code | BD-JhCC |
| 005 - DATE AND TIME OF LATEST TRANSACTION | |
| control field | 20230605082027.0 |
| 008 - FIXED-LENGTH DATA ELEMENTS--GENERAL INFORMATION | |
| fixed length control field | 230605s2021 b |||| |||| 000 0 b d |
| 020 ## - INTERNATIONAL STANDARD BOOK NUMBER | |
| International Standard Book Number | 9789849570363 |
| 035 ## - SYSTEM CONTROL NUMBER | |
| system control number | (BD-JhCC)12929 |
| 040 ## - CATALOGING SOURCE | |
| Original cataloging agency | BD-JhCC |
| Modifying agency | BD-JhCC |
| 041 ## - LANGUAGE CODE | |
| Language code of Book | ben |
| 082 ## - DEWEY DECIMAL CLASSIFICATION NUMBER | |
| Classification number | 297.74 |
| Author mark and Year | THA 2021 |
| 100 ## - MAIN ENTRY--PERSONAL NAME | |
| Personal name | থানভী, আশরাফ আলী |
| 245 ## - TITLE STATEMENT | |
| Title | বিশ্বাস ও কর্মে প্রচলিত ভুল-ভ্রান্তি / |
| Statement of responsibility, etc | আশরাফ আলী থানভী রহ.; আবুল বাশার মুহাম্মদ সাইফুল ইসলাম (অনু.) |
| 260 ## - PUBLICATION, DISTRIBUTION, ETC. (IMPRINT) | |
| Place of publication, distribution, etc | ঢাকা : |
| Name of publisher, distributor, etc | আলোকধারা, |
| Date of publication, distribution, etc | ২০২১ |
| 300 ## - PHYSICAL DESCRIPTION | |
| Pagination | ৩৩৬ পৃ. : |
| Dimensions | ২১ সেমি. |
| 650 ## - SUBJECT ADDED ENTRY--TOPICAL TERM | |
| Topical term or geographic name as entry element | Dawah |
| General subdivision | Islam. |
| 700 ## - ADDED ENTRY--PERSONAL NAME | |
| Personal name | ইসলাম, আবুল বাশার মুহাম্মদ সাইফুল |
| 942 ## - ADDED ENTRY ELEMENTS (KOHA) | |
| Source of classification or shelving scheme | Dewey Decimal Classification |
| Koha item type | Books |
| Source of classification or shelving scheme | Damaged status | Not for loan | Home library | Current library | Shelving location | Date of accession | Cost, normal purchase price | Total Checkouts | Full call number | Barcode | Date last seen | Date checked out | Copy number | Method of acquisition | Koha item type | Currency |
|---|---|---|---|---|---|---|---|---|---|---|---|---|---|---|---|---|
| Dewey Decimal Classification | JCC Rouf Library | JCC Rouf Library | General Stacks | 06/05/2023 | 418.00 | 2 | 297.74 THA 2021 | 17536 | 05/06/2024 | 05/05/2024 | C-1 | Purchase | Books | BDT |